| 000 | 00564nam a22001577a 4500 | ||
|---|---|---|---|
| 999 |
_c1779 _d1779 |
||
| 008 | 200203b ||||| |||| 00| 0 eng d | ||
| 082 | 0 | 0 |
_a621.436 _bK1958 |
| 100 |
_9853 _aKates, Edgar J. |
||
| 245 | 1 | 0 |
_aDiesel electric plants: a practical text on the characteristics, installation, maintenance, and operation of diesel-driven generators, including voltage regulators, frequency _cby Edger J Kates |
| 250 | _a2nd | ||
| 260 |
_aChicago _bAmerican Technical Society _c1948 |
||
| 300 | _a272p. | ||
| 365 | _d20.10 | ||
| 650 | 0 | _aElectrical Engineering | |
| 942 | _cBK | ||